000 00336nam a2200133 i 4500
001 bg
100 1 _aZAKGEIM, A.J.
245 0 _aVvedenie v modelirovanie chimikotechnologiceskich processov /
_cA.J. Zakgeim.
260 _aMoskva,
_c1973.
040 _cBPK
041 _apol
942 _cKS
008 s pl f |000 0 pol
999 _c23830
_d23830
856 _uhttp://koha.tu.koszalin.pl/cgi-bin/koha/opac-detail.pl?biblionumber=23830
_yKatalog online BPK